Language Quiz

Random Language or Spanish Quiz

7.2 El Parque de Diversiones Quiz Stats

 Plays Quiz not verified by Sporcle

Challenge
Share
Tweet
Embed
Score 0/20 Timer 10:00
0 Plays Today
% Correct
I went to the quarium.
97.1%
Amusement park
95.6%
Zoo
95.6%
How fun!
94.1%
We went to the museum.
94.1%
Hello?
94.1%
Ticket
92.6%
Bumper cars
91.2%
How scary!
91.2%
Would you like to go?
91.2%
% Correct
May I speak with Ramón?
91.2%
To leave a message
89.7%
Fair
88.2%
Roller coaster
88.2%
He made the bed.
88.2%
What a shame!
86.8%
To be afraid
83.8%
To ride
83.8%
Would you like to come with me?
69.1%
Ferris wheel
63.2%

You're not logged in!

Compare scores with friends on all Sporcle quizzes.
Join for Free
OR
Log In

You Might Also Like...

Show Comments

Extras

Top Quizzes Today


Score Distribution

Your Account Isn't Verified!

In order to create a playlist on Sporcle, you need to verify the email address you used during registration. Go to your Sporcle Settings to finish the process.

Report this User

Report this user for behavior that violates our Community Guidelines.

Details: